¿Qué economía?, ¿para qué sociedad? / (Record no. 123108)

MARC details
000 -LEADER
campo de control de longitud fija 00544nam a2200169 4500
001 - NÚMERO DE CONTROL
campo de control 123108
003 - IDENTIFICADOR DE NÚMERO DE CONTROL
campo de control ES-MaACL
005 - FECHA Y HORA DE LA ÚLTIMA TRANSACCIÓN
campo de control 20230906192119.0
007 - CAMPO FIJO DE DESCRIPCIÓN FÍSICA--INFORMACIÓN GENERAL
campo de control de longitud fija t|
008 - DATOS DE LONGITUD FIJA--INFORMACIÓN GENERAL
campo de control de longitud fija 070214s1973 sp r ||||0| spa d
111 2# - ENTRADA PRINCIPAL--NOMBRE DE CONGRESO/REUNIÓN
Nombre de congreso/reunión o jurisdicción como elemento de entrada Semaines sociales de France (
Sede del congreso/Lugar de la reunión Lille (
Fecha del congreso o de la firma del tratado 1969) (
Número del congreso/reunión o número de parte o sección . 56ª)
9 (RLIN) 135196
245 11 - MENCIÓN DEL TÍTULO
Título ¿Qué economía?, ¿para qué sociedad? /
Mención de responsabilidad, etc. versión de Fausto Ezcurra.
260 ## - PUBLICACIÓN, DISTRIBUCIÓN, ETC.
Lugar de publicación, distribución, etc. Bilbao :
Nombre del editor, distribuidor, etc. Descleé de Brouwer,
Fecha de publicación, distribución, etc. 1973.
300 ## - DESCRIPCIÓN FÍSICA
Extensión 382 p ;
Dimensiones 19 cm.
700 1# - ENTRADA AGREGADA--NOMBRE PERSONAL
Nombre de persona Ezcurra Rolín, Fausto.
9 (RLIN) 48465
852 ## - LOCALIZACIÓN
Ubicación ES-MaACL
Número de control de estantería C-52046
Sublocalización o colección R.85945
Holdings
Estatus retirado Estado de pérdida Estado de daño No para préstamo Biblioteca de origen Biblioteca actual Ubicación en estantería Fecha de adquisición Fuente de adquisición Total de préstamos Signatura topográfica completa Código de barras Visto por última vez Precio de reemplazo Tipo de ítem Koha
        Biblioteca del Ateneo de Madrid Biblioteca del Ateneo de Madrid Depósito 2 17/01/2008     C-52046 1128279 23/02/2023 23/02/2023 Libro impreso